Nazwy miejscowe gminy Lubycza Królewska

Titel: Nazwy miejscowe gminy Lubycza Królewska : Historia, osadnictwo, język
Verfasser:
Veröffentlicht: Lubycza Królewska-Tomaszów Lubelski : Lokalna Organizacja Turystyczna "Roztocze", 2009
Umfang: 149, tabl. 8, il., rez., sum
Format: Buch
Sprache: Polnisch
Schlagworte:
ISBN: 9788392940180
Buchumschlag
X
alg: 39565099
001A    $01999:12-11-16 
001B    $03025:20-07-23 $t11:55:44.000 
001D    $01999:12-11-16 
001U    $0utf8 
001X    $00 
002@    $0Aax 
003@    $0395650992 
004A    $A978-83-929401-8-0 
007A    $0395650992 $aHEB 
010@    $apol 
011@    $a2009 
021A    $aNazwy miejscowe gminy Lubycza Królewska $dHistoria, osadnictwo, język 
028A    $BVerfasser $4aut $71023073390 $8Koper, Mariusz$Z1974- [Tp3] $9302123911 
033A    $pLubycza Królewska-Tomaszów Lubelski $nLokalna Organizacja Turystyczna "Roztocze" 
034D    $a149, tabl. 8, il., rez., sum 
044K    $8Ziemia Lubycka [Tg1] $9509822398 
044K    $RGeografischer Name $#Toponymy $#Toponymie $#Historischer Ortsname $#Siedlungsname $#Toponym $#Toponymikon $#Ortsnamen $74043950-1 $8Ortsname [Ts1] $9085122882 
045F    $a417.709438 $eDDC23BSB 
045F/01 $a417.7 
045F/03 $g438 

lok: 39565099 78

exp: 39565099 78 1 #EPN
201B/01 $020-07-23 $t11:54:47.000 
201U/01 $0utf8 
203@/01 $079230599X 
208@/01 $a12-11-16 $be 
209A/01 $a/ $f000 $x00 
220C/01 $aTitelaufnehmer: pbb 
220C/01 $aHerkunft: PBB/IH PAN 
220C/01 $aAnmerkung: *uA 
244Z/01 $2Trx $#Poola $#Lenkija $#Polija $#Polen Land $#Poland $#Lengyelország $#Poľsko $#Polsko $8--Trx--Polska$gkraj $x01 $9391345966 
244Z/01 $8--Tg1--Ziemia Lubycka $x02 $9509822398 
244Z/01 $2Trx $8--Trx--Monographie $x03 $9391384546 
245Z/01 $a11.07 $x01 
247C/01 $82080>Marburg/Lahn, Herder-Institut, Forschungsbibliothek, Bibliographieportal $9336309341
LEADER 00000cam a22000002c 4500
001 395650992
003 DE-603
005 20230720115544.0
007 tu
008 161112s2009 xx |||| | u00||u|pol c
020 |a 9788392940180 
035 |a (DE-599)HEB395650992 
040 |a DE-603  |b ger  |c DE-603  |d DE-603 
041 |a pol 
082 0 4 |8 1\u  |a 417.709438  |q DE-101  |2 23/BSB 
085 |8 1\u  |b 417.7 
085 |8 1\u  |z 2  |s 438 
100 1 |a Koper, Mariusz  |d 1974-  |e Verfasser  |4 aut  |0 (DE-603)302123911  |0 (DE-588)1023073390  |2 gnd 
245 0 0 |a Nazwy miejscowe gminy Lubycza Królewska  |b Historia, osadnictwo, język 
264 1 |a Lubycza Królewska-Tomaszów Lubelski  |b Lokalna Organizacja Turystyczna "Roztocze"  |c 2009 
300 |a 149, tabl. 8, il., rez., sum 
650 7 |a Ortsname  |0 (DE-588)4043950-1  |0 (DE-603)085122882  |2 gnd 
651 7 |a Ziemia Lubycka  |0 (DE-588)1296735605  |0 (DE-603)509822398  |2 gnd 
924 0 |9 2080  |a (DE-603)79230599X  |b DE-2080  |c HES  |d d  |g /